| 000 | 01664nam a2200289 a 4500 | ||
|---|---|---|---|
| 001 | 000046756 | ||
| 003 | DO-SdBNP | ||
| 005 | 20240313073820.0 | ||
| 007 | ta | ||
| 008 | 180322s2016 dr 000 j spa d | ||
| 020 | _a9789945590371 | ||
| 040 |
_aDO-SdBNP _bspa _cBNPHU |
||
| 111 | 2 |
_aPremio Funglode de Cuento Juan Bosch _d(2015 : _cSanto Domingo) _974698 |
|
| 245 | 1 | 3 |
_aEl síndrome de Heinz y otros cuentos / _cLeo Silverio, Stanislaw Peña, Víctor de Frías, Yaina Rodríguez, Aracelis Mireles, Katiusca Vargas, Keiselim A. Montás, Elizabeth Villamán. |
| 260 |
_aSanto Domingo : _bFunglode, _c2016. |
||
| 300 |
_a112 p. ; _c23 cm. |
||
| 490 | 1 |
_aPremios Funglode/GFDD _aCuentos |
|
| 505 | 0 |
_gPrimer lugar/ _tEl síndrome de Heinz / _rLeo Silverio -- _gSegundo lugar _tNi centurión ni pretoriano / _rStanislaw Peña -- _gTercer lugar _tA dead man doesn't speak / _rVíctor de Frías -- _gMenciones _tUn mundo gris / _rYaina Rodríguez _gMenciones _tLibrisfuss / _rAracelis Mireles ; _gMenciones _tCrónica de un día cualquiera / _rKatiusca Vargas ; _gMenciones _tTípica historia de fea rica que se casa con un bello pobre / _rYaina Rodríguez _gMenciones _t¿Que no es fútil en la vida? / _rKeiselim A. Montás ; _gMenciones _tLa señora Lake / _rElizabeth Villamán. |
|
| 586 | _aPremio Funglode de Cuento Juan Bosch, 2015 | ||
| 590 | _aInventariado, 2018 /LP | ||
| 700 | 1 |
_aSilverio, Leo _t El síndrome de Heinz _975122 |
|
| 700 | 1 | 2 |
_aPeña, Stanislaw _974700 |
| 700 | 1 | 2 |
_aFrías, Victor de _tA dead man doesn't speak / _974701 |
| 710 | 2 | 2 |
_aFundación Global Democracía y Desarrollo _925477 |
| 830 | 0 |
_aPremios Funglode/GFDD ; _pCuentos _974702 |
|
| 942 |
_2ddc _cLBS1 |
||
| 999 |
_c46245 _d46245 |
||